000 00565nam a22001817a 4500
003 OSt
008 260303b2022 |||||||| |||| 00| 0 eng d
020 _a9781647823269
082 _a158.7
_bHBR-
245 _aHBR guide to better mental health at work /
_cHarvard Business Review
260 _aBoston :
_bHarvard Business Review,
_c2022.
300 _axiii, 240 p. ;
650 _aQuality of work life - psychological aspects
650 _aEmployes - mental health
650 _aPsychology pathological
650 _aStigma (social psychology)
942 _2ddc
_cBK
999 _c21553
_d21553